<?xml version="1.0" encoding="UTF-8"?>
<record
    xmlns:xsi="http://www.w3.org/2001/XMLSchema-instance"
    xsi:schemaLocation="http://www.loc.gov/MARC21/slim http://www.loc.gov/standards/marcxml/schema/MARC21slim.xsd"
    xmlns="http://www.loc.gov/MARC21/slim">

  <leader>01323nam a22002177a 4500</leader>
  <controlfield tag="003">OSt</controlfield>
  <controlfield tag="005">20260310104147.0</controlfield>
  <controlfield tag="008">260226b        |||||||| |||| 00| 0 SPA d</controlfield>
  <datafield tag="020" ind1=" " ind2=" ">
    <subfield code="a">978-9942-7335-8-0</subfield>
  </datafield>
  <datafield tag="082" ind1=" " ind2=" ">
    <subfield code="2">978-9942-7335-8-0</subfield>
  </datafield>
  <datafield tag="100" ind1=" " ind2=" ">
    <subfield code="a">Cisneros Abedrabbo, Gabriel</subfield>
  </datafield>
  <datafield tag="245" ind1=" " ind2=" ">
    <subfield code="a">Desde el Andamio 44 &#xD3;rgano de Difusi&#xF3;n de la Gran Logia del Ecuador</subfield>
  </datafield>
  <datafield tag="250" ind1=" " ind2=" ">
    <subfield code="a">1ra Edici&#xF3;n</subfield>
  </datafield>
  <datafield tag="260" ind1=" " ind2=" ">
    <subfield code="a">Ecuador</subfield>
    <subfield code="b">Editorial Pedag&#xF3;gica Freire</subfield>
    <subfield code="c">2025-06-11</subfield>
  </datafield>
  <datafield tag="300" ind1=" " ind2=" ">
    <subfield code="b">120 Paginas</subfield>
    <subfield code="c">21x29cm.</subfield>
  </datafield>
  <datafield tag="490" ind1=" " ind2=" ">
    <subfield code="3">Tapa blanda o r&#xFA;stica</subfield>
  </datafield>
  <datafield tag="520" ind1=" " ind2=" ">
    <subfield code="a">La Revista Mas&#xF3;nica del Ecuador Desde el Andamio, es el contenedor del pensamiento de la Gran Logia Equinoccial del Ecuador. Con cuarenta y nueve a&#xF1;os de existencia, este impreso es uno de los m&#xE1;s importantes de la masoner&#xED;a latinoamericana y en el se tratan temas esot&#xE9;ricos, de la problem&#xE1;tica social, la historia y el arte.
En el n&#xFA;mero 44 el aporte del artista pl&#xE1;stico Pedro Herrera Ord&#xF3;&#xF1;ez es fundamental para dar un aire de profunda belleza a la revista que esta destinada a cuestionar a sus lectores desde los r&#xED;os donde la verdad se levanta, naufraga, se levanta y se reinventa.</subfield>
  </datafield>
  <datafield tag="650" ind1=" " ind2=" ">
    <subfield code="a">Poder de conflicto en las sociedades inici&#xE1;ticas </subfield>
    <subfield code="x">Templo social</subfield>
    <subfield code="y">&#xBF;De donde venimos ?</subfield>
  </datafield>
  <datafield tag="700" ind1=" " ind2=" ">
    <subfield code="a">Gabriel (Director del equipo editorial</subfield>
  </datafield>
  <datafield tag="942" ind1=" " ind2=" ">
    <subfield code="2">ddc</subfield>
    <subfield code="c">BK</subfield>
    <subfield code="n">0</subfield>
  </datafield>
  <datafield tag="952" ind1=" " ind2=" ">
    <subfield code="0">0</subfield>
    <subfield code="1">0</subfield>
    <subfield code="2">ddc</subfield>
    <subfield code="4">0</subfield>
    <subfield code="7">0</subfield>
    <subfield code="8">F02</subfield>
    <subfield code="a">ISUS</subfield>
    <subfield code="b">ISUS</subfield>
    <subfield code="c">Biblioteca Abierta</subfield>
    <subfield code="d">2026-02-11</subfield>
    <subfield code="i">0448</subfield>
    <subfield code="l">0</subfield>
    <subfield code="o">0448</subfield>
    <subfield code="p">BIBLIO0448</subfield>
    <subfield code="r">2026-02-26 12:11:26</subfield>
    <subfield code="t">1</subfield>
    <subfield code="w">2026-02-26</subfield>
    <subfield code="y">BK</subfield>
  </datafield>
  <datafield tag="999" ind1=" " ind2=" ">
    <subfield code="c">2018</subfield>
    <subfield code="d">2018</subfield>
  </datafield>
</record>
